000 00429nam a2200133 4500
008 240118b |||||||| |||| 00| 0 eng d
082 _a341.48
_bSRI
110 _aSri Lanka, Government information department
245 _aHuman rights in Sri Lanka:
_bStatus report
260 _aColombo:
_bGovernment information department, Overseas publicity division,
_c1992
300 _a25 p.
650 _aHUMAN RIGHTS-Sri Lanka
942 _cRP
999 _c4649
_d4649